Vlajky zemí začínající na P - Statistics

General Stats
  • This quiz has been taken 68 times
  • The average score is 8 of 9
Answer Stats
Picture Answer % Correct
Pákistán
100%
Polsko
98%
Portugalsko
96%
Paraguay
87%
Peru
87%
Panama
85%
Pobřeží slonoviny
73%
Papua-Nová Guinea
69%
Palau
67%
No matching quizzes found
Score Distribution
Percent of People with Each Score
Percentile by Number Answered
Your Score History
You have not taken this quiz